00645nam a22001217a 4500041000800000082001300008100004800021245006400069260007300133300008600206500019600292650003500488 aENG a270bPEA aPeake, Arthur S. (Arthur Samuel), 1865-1929 aAn outline of Christianity : the story of our civilization. aNew York : bBethlehem Publishers : Dodd, Mead, distributors,c1926 a5 V.b5 volumes : plates (some color) portraits (some color), maps, facs. ; 26 cm av. 1. The birth of Christianity -- v. 2. The builders of the church -- v. 3. The rise of the modern churches -- v. 4. Christianity and modern thought -- v. 5. Christianity today and tomorrow. aChurch history., Christianity.